Statistiken für Länder mit I

Klicken Sie hier um das Quiz zu spielen!

Allgemein

  • Dieses Quiz wurde 658 mal gespielt
  • Das Durchschnittsergebnis liegt bei 7 aus 8

Antwortstatistiken

HintAntwort% Korrekt
5Irland
93%
6Island
93%
1Indien
92%
2Indonesien
92%
8Italien
87%
3Irak
85%
4Iran
85%
7Israel
79%

Verteilung der Resultate

Perzentil nach korrekt beantworteten Fragen

Anzahl Personen mit jedem Resultat

Ihre Resultats-Entwicklung

Sie haben dieses Quiz noch nicht gespielt